000 004520000a22001450004500
090 _aAR
_b00931
245 1 0 _aExpedición de las cuevas de Cunday
650 1 4 _aEspeleología
_94156
650 1 4 _aCavernas
_993465
651 4 _lCuevas del Cunday
_dTolima
_pColombia
_992749
041 0 _aEspañol
100 1 _aArciniegas de Giraldo, Julian
_994115
942 _cARTICULO
773 1 _tBoletín de la Sociedad Geográfica de Colombia
_3190
_h2
_q67-90
_d1954
_g12
999 _c10019
_d10019